All Disney Dreamlight Valley Characters - Statistics

General Stats
  • This quiz has been taken 160 times
    116 since last reset
  • The average score is 31 of 35
Answer Stats
Series Character % Correct
Beauty and the B____ Belle
100%
Beauty and the B____ Beast
99%
Frozen Anna
97%
Frozen Elsa
97%
Frozen Olaf
97%
The Lion King Simba
97%
The Little Mermaid Ariel
96%
M_____ & Friends Donald Duck
96%
M_____ & Friends Mickey Mouse
96%
M_____ & Friends Minnie Mouse
96%
Lilo & S_____ Stitch
96%
The Lion King Scar
94%
The Little Mermaid Ursula
94%
The Lion King Nala
93%
Monsters, Inc. Sully
93%
Toy Story Buzz Lightyear
92%
The Little Mermaid Prince Eric
92%
Toy Story Woody
92%
M_____ & Friends Goofy
90%
Frozen Kristoff
90%
Monsters, Inc. Mike Wazowski
90%
Ratatouille Remy
90%
Encanto Mirabel
89%
Tangled Rapunzel
88%
The Sword in the Stone Merlin
85%
W___●_ WALL●E
85%
The Nightmare Before Christmas Jack Skellington
82%
W___●_ EVE
81%
Cinderella Fairy Godmother
81%
Wreck-It Ralph Vanellope von Schweetz
81%
Beauty and the B____ Gaston
79%
Tangled Mother Gothel
79%
M_____ & Friends Scrooge McDuck
67%
M____ Moana
64%
M____ Maui
63%
No matching quizzes found
Score Distribution
Percent of People with Each Score
Percentile by Number Answered
Your Score History
You have not taken this quiz since the last reset